Modern calculus and analytic geometry / (Record no. 180704)
[ view plain ]
| 000 -LEADER | |
|---|---|
| fixed length control field | 00974 a2200193 4500 |
| 003 - CONTROL NUMBER IDENTIFIER | |
| control field | NUST |
| 005 - DATE AND TIME OF LATEST TRANSACTION | |
| control field | 20221118121843.0 |
| 010 ## - LIBRARY OF CONGRESS CONTROL NUMBER | |
| LC control number | 6910185 |
| 040 ## - CATALOGING SOURCE | |
| Transcribing agency | Nust |
| 082 ## - DEWEY DECIMAL CLASSIFICATION NUMBER | |
| Classification number | 515.15,SIL |
| 100 ## - MAIN ENTRY--PERSONAL NAME | |
| Personal name | Silverman, Richard A. |
| 9 (RLIN) | 102972 |
| 245 ## - TITLE STATEMENT | |
| Title | Modern calculus and analytic geometry / |
| Statement of responsibility, etc. | Richard A. Silverman |
| 260 ## - PUBLICATION, DISTRIBUTION, ETC. | |
| Place of publication, distribution, etc. | New York |
| Name of publisher, distributor, etc. | Macmillan |
| Date of publication, distribution, etc. | 1969 |
| 300 ## - PHYSICAL DESCRIPTION | |
| Extent | 1034 p.: |
| 505 ## - FORMATTED CONTENTS NOTE | |
| Formatted contents note | Sets And Functions (Page-1), Numbers And Coordinates (Page-38), Graphs (Page-77), Limits (Page-135), Derivatives (Page-205), Well-Behaved Functions (Page-259), Integrals (Page-347), Analytic Geometry In R2 (Page-422), Curves And Vector In R2 (Page-524), Linear Algebra (Page-594), Analytic Geometry In R2 (Page-638), Partial Differentiation (Page-693), Multiple Integration (Page-757), Further Computations (Page-835), Infinite Series (Page-886). |
| 600 ## - SUBJECT ADDED ENTRY--PERSONAL NAME | |
| Personal name | Richard A. Silverman |
| 9 (RLIN) | 103058 |
| 650 ## - SUBJECT ADDED ENTRY--TOPICAL TERM | |
| Topical term or geographic name entry element | Modern calculus and analytic geometry |
| 9 (RLIN) | 103059 |
| 942 ## - ADDED ENTRY ELEMENTS (KOHA) | |
| Source of classification or shelving scheme | |
| Koha item type | Book |
| Call number prefix | 515.15,SIL |
| Withdrawn status | Lost status | Source of classification or shelving scheme | Damaged status | Not for loan | Permanent Location | Current Location | Shelving location | Date acquired | Full call number | Barcode | Date last seen | Price effective from | Koha item type | Public note |
|---|---|---|---|---|---|---|---|---|---|---|---|---|---|---|
| Military College of Signals (MCS) | Military College of Signals (MCS) | General Stacks | 12/12/2016 | 515.15,SIL | MCS7490 | 12/08/2016 | 12/12/2016 | Book | Almirah No.13, Shelf No.3 |
